|
|
|
|
| LEADER |
00000nab a2200000 a 4500 |
| 001 |
vtls008420072 |
| 003 |
SK-MaSNL |
| 005 |
20260305020929.0 |
| 008 |
150420c2002 xo |r|p|||||||100 b|slo |
| 015 |
|
|
|a SNBRB2005/12
|2 snkbucl
|
| 038 |
|
|
|a SNKBUCL
|
| 040 |
|
|
|a SNKBUCL
|b slo
|c SNKBUCL
|e AACR2
|
| 041 |
0 |
|
|a slo
|
| 044 |
|
|
|a xo
|c SK
|
| 080 |
|
|
|a 82:929:821.162.4
|2 1981
|
| 080 |
|
|
|a 929 Hroboň, Samo Bohdan
|2 1981
|
| 080 |
|
|
|a 929:821.162.4
|2 1981
|
| 080 |
|
|
|a 821.162.4-1
|2 1981
|
| 100 |
1 |
|
|a Marčok, Viliam,
|d 1935-2013
|4 aut
|9 99981
|
| 245 |
1 |
0 |
|a Samo Bohdan Hroboň: čiže o tvorbe vizionársko-rétorického diskurzu
|b diskusný príspevok
|c Viliam Marčok
|
| 504 |
|
|
|a Bibliogr. odkazy
|
| 600 |
1 |
7 |
|a Hroboň, Samo Bohdan,
|d 1820-1894
|2 snkbucl
|9 258611
|
| 650 |
0 |
7 |
|a mesianizmus
|2 snkbucl
|9 23069
|
| 650 |
0 |
7 |
|a romantizmus
|2 snkbucl
|9 1678
|
| 650 |
0 |
7 |
|a poézia
|2 snkbucl
|9 1274
|
| 655 |
|
7 |
|a diskusné príspevky
|2 snkbucl
|9 504460
|
| 773 |
0 |
|
|t Literárny archív 36/01-37/02
|d Martin : Slovenská národná knižnica, 2002
|g S. 232-243
|z 80-89023-12-6
|
| 852 |
|
|
|a SNK
|b KIS3GCP
|
| 958 |
|
|
|a NB
|
| 958 |
|
|
|a LX
|
| 958 |
|
|
|a BX
|
| 999 |
|
|
|c 3283021
|d 3284951
|